Tjinta dan kewadjiban / (Record no. 86552)

MARC details
000 -LEADER
fixed length control field 00727cam a22002531 4500
001 - CONTROL NUMBER
control field sa 68015604
003 - CONTROL NUMBER IDENTIFIER
control field DLC
005 - DATE AND TIME OF LATEST TRANSACTION
control field 20260227112645.0
008 - FIXED-LENGTH DATA ELEMENTS--GENERAL INFORMATION
fixed length control field 861007s1966 io a f000 1 ind
010 ## - LIBRARY OF CONGRESS CONTROL NUMBER
LC control number sa 68015604
035 ## - SYSTEM CONTROL NUMBER
System control number (OCoLC)14353268
040 ## - CATALOGING SOURCE
Original cataloging agency DLC
Transcribing agency IDeKN
Modifying agency DLC
042 ## - AUTHENTICATION CODE
Authentication code premarc
050 00 - LIBRARY OF CONGRESS CALL NUMBER
Classification number PL5089.W29
Item number T5 1966
100 1# - MAIN ENTRY--PERSONAL NAME
Personal name Wairata, L.
245 10 - TITLE STATEMENT
Title Tjinta dan kewadjiban /
Statement of responsibility, etc. oleh L. Wairata dan N. St. Iskandar.
250 ## - EDITION STATEMENT
Edition statement Tjet. 4.
260 ## - PUBLICATION, DISTRIBUTION, ETC.
Place of publication, distribution, etc. Djakarta :
Name of publisher, distributor, etc. Balai Pustaka,
Date of publication, distribution, etc. 1966.
300 ## - PHYSICAL DESCRIPTION
Extent 144 p. ;
Dimensions 21 cm.
500 ## - GENERAL NOTE
General note "Dihiasi 4 buah gambar oleh Iljas St. Madjo Kajo."
500 ## - GENERAL NOTE
General note Novel.
700 1# - ADDED ENTRY--PERSONAL NAME
Personal name Iskandar, N. St.
Fuller form of name (Nur Sutan),
Dates associated with a name 1893-
700 0# - ADDED ENTRY--PERSONAL NAME
Personal name Madjo Kajo, Iljas St.

No items available.

Powered by Koha